000 00527nam a2200133Ia 4500
005 20260209120151.0
008 260209s9999||||xx |||||||||||||| ||und||
100 _aTanmay Mishra
245 0 _aImplication of the competition act, 2002 on cross border merger : an Indian perspective
260 _aBangaloreBangalore
_bNLSIU, Bangalore
_c2023 - 2024
300 _a37 p. ; 25 cm.
700 _aProf. dr. T S Somashekar - SupervisorProf. dr. T S Somashekar - Supervisor
856 _uhttps://dans.nls.ac.in/handle/123456789/2208
999 _c217720
_d217720